XML nền tảng và ứng dụng

Salvato in:
Dettagli Bibliografici
Autore principale: Nguyễn, Phương Lan
Natura: Libro
Lingua:Undetermined
Pubblicazione: Hà Nội Lao động - Xã hội 2005
Soggetti:
Tags: Aggiungi Tag
Nessun Tag, puoi essere il primo ad aggiungerne! !
Thư viện lưu trữ: Trung tâm Học liệu Trường Đại học Cần Thơ
LEADER 00582nam a2200193Ia 4500
001 CTU_95681
008 210402s9999 xx 000 0 und d
020 |c 32000 
082 |a 005.7592 
082 |b L105 
100 |a Nguyễn, Phương Lan 
245 0 |a XML nền tảng và ứng dụng 
245 0 |c Nguyễn Phương Lan, Hoàng Đức Hải 
260 |a Hà Nội 
260 |b Lao động - Xã hội 
260 |c 2005 
650 |a XML ( document makup language ) 
904 |i M.Loan 
980 |a Trung tâm Học liệu Trường Đại học Cần Thơ